10 questions sur une ville française #15 : NIORT - Statistiques

Statistiques générales
  • Ce quiz a été pris 257 fois
  • Le résultat moyen est 6 sur 10
Statistiques - réponses
Question Réponse % Correct
Quel animal représente le club de football de la ville, évoluant en Ligue 2 ? Le chamois
87%
Combien Niort compte-t-elle d'habitants ? (à 10 000 près) 58 952
84%
Quelle est sa superficie ? (à 10 km² près) 68,20 km²
78%
Selon la Banque de France, quel rang Niort occupe-t'elle en termes d'échanges de flux financiers dans le pays ? 4ème
73%
Quelle rivière arrose Niort ? La Sèvre Niortaise
68%
Quelle candidate a la mairie de Niort en 1995 a par la suite été candidate au second tour des élections présidentielles ? Ségolène Royal
62%
Quelle plante est la spécialité de la ville de Niort (sous forme de confiserie, de liqueur, etc.) ? L'angélique
43%
Quel classement occupe-t-elle en termes d'habitants en France ? 93ème
27%
Quelle commune limitrophe de Niort est une île faisant partie du marais Poitevin ? Magné
27%
Comment se nomme l'ancien hôtel de ville ? Le Pilori
14%
Aucun quiz correspondant
Distribution des résultats
% des personnes avec chaque résultat
Percentile par nombre de réponses
Votre historique - résultats
Vous n’avez pas pris ce quiz